Little house in the big woods / (Record no. 108)

MARC details
000 -LEADER
fixed length control field 01364nam a22003617a 4500
001 - CONTROL NUMBER
control field 108
003 - CONTROL NUMBER IDENTIFIER
control field FISKH
005 - DATE AND TIME OF LATEST TRANSACTION
control field 20231211140913.0
008 - FIXED-LENGTH DATA ELEMENTS--GENERAL INFORMATION
fixed length control field 230227b cb ||||| |||| 00| 0 eng d
020 ## - INTERNATIONAL STANDARD BOOK NUMBER
International Standard Book Number 0590488171
040 ## - CATALOGING SOURCE
Original cataloging agency DLC
Transcribing agency DLC
Language of cataloging eng
Modifying agency FISKH
042 ## - AUTHENTICATION CODE
Authentication code lcac
-- pcc
050 00 - LIBRARY OF CONGRESS CALL NUMBER
Classification number PZ7.W6461
Item number Li 2007
082 00 - DEWEY DECIMAL CLASSIFICATION NUMBER
Classification number 813.52
Edition number 23
100 1# - MAIN ENTRY--PERSONAL NAME
Personal name Wilder, Laura Ingalls,
Dates associated with a name 1867-1957.
245 10 - TITLE STATEMENT
Title Little house in the big woods /
Statement of responsibility, etc. by Laura Ingalls Wilder ; illustrated by Garth Williams.
250 ## - EDITION STATEMENT
Edition statement 75th anniversary ed.
260 ## - PUBLICATION, DISTRIBUTION, ETC.
Place of publication, distribution, etc. New York :
Name of publisher, distributor, etc. Sholastic
Date of publication, distribution, etc. 1960
300 ## - PHYSICAL DESCRIPTION
Extent 238 p. :
Other physical details ill. ;
Dimensions 26 cm.
490 0# - SERIES STATEMENT
Series statement Little house
505 ## - FORMATTED CONTENTS NOTE
Formatted contents note Q
520 ## - SUMMARY, ETC.
Summary, etc. A year in the life of two young girls growing up on the Wisconsin frontier, as they help their mother with the daily chores, enjoy their father's stories and singing, and share special occasions when they get together with relatives or neighbors.
521 8# - TARGET AUDIENCE NOTE
Target audience note 930
Source Lexile
521 8# - TARGET AUDIENCE NOTE
Target audience note Q
Source Raz-Plus
600 10 - SUBJECT ADDED ENTRY--PERSONAL NAME
Personal name Wilder, Laura Ingalls,
Dates associated with a name 1867-1957
Form subdivision Juvenile fiction.
600 11 - SUBJECT ADDED ENTRY--PERSONAL NAME
Personal name Wilder, Laura Ingalls,
Dates associated with a name 1867-1957
Form subdivision Fiction.
650 #1 - SUBJECT ADDED ENTRY--TOPICAL TERM
Topical term or geographic name entry element Frontier and pioneer life
Geographic subdivision Wisconsin
Form subdivision Fiction.
650 #1 - SUBJECT ADDED ENTRY--TOPICAL TERM
Topical term or geographic name entry element Family life
Geographic subdivision Wisconsin
Form subdivision Fiction.
651 #1 - SUBJECT ADDED ENTRY--GEOGRAPHIC NAME
Geographic name Wisconsin
Form subdivision Fiction.
700 1# - ADDED ENTRY--PERSONAL NAME
Personal name Williams, Garth,
Relator term ill.
906 ## - LOCAL DATA ELEMENT F, LDF (RLIN)
a 7
b cbc
c origcop
d 2
e ncip
f 20
g y-gencatlg
942 ## - ADDED ENTRY ELEMENTS (KOHA)
Source of classification or shelving scheme Dewey Decimal Classification
Koha item type Books
Suppress in OPAC No
Holdings
Withdrawn status Lost status Source of classification or shelving scheme Damaged status Not for loan Collection Home library Current library Shelving location Date acquired Total Checkouts Full call number Barcode Date last seen Copy number Price effective from Koha item type
    Dewey Decimal Classification     Fiction Footprints International School Library Network Toul Kork Campus Footprints International School Library Network Toul Kork Campus   02/27/2023   WIL 813.52 PZ7.W6461 FISTK00017 02/27/2023 1 02/27/2023 Books
    Dewey Decimal Classification     Fiction Footprints International School Library Network Toul Kork Campus Footprints International School Library Network Toul Kork Campus TTP Secondary Fiction Bookshelves 03/25/2024   WIL 813.52 PZ7.W6461 2024-0396 03/25/2024 2 03/25/2024 Books